000 00453nam a2200181Ia 4500
005 20250425160951.0
008 250425s9999 xx 000 0 und d
041 _aspa
082 _a920.9866
100 _aPEREZ PIMENTEL, RODOLFO
245 0 _aDICCIONARIO BIOGRAFICO DEL ECUADOR TOMO I
250 _a1A ED.
260 _aEcuador
_bDE LA UNIVERSIDAD DE GUAYAQUIL
_c1987
260 _aGUAYAQUIL
300 _a511
942 _c01
010 _a9493
999 _c199833
_d199833